Orientacion vocacional. Aportes para la formación de orientadores

Guardado en:
Detalles Bibliográficos
Autor principal: Rascovan, Sergio (Autor)
Formato: Libro
Lenguaje:español
Publicado: Buenos Aires Novedades Educativas 1998
Edición:1a. ed
Colección:Psicología y Educación
Materias:
Etiquetas: Agregar Etiqueta
Sin Etiquetas, Sea el primero en etiquetar este registro!

MARC

LEADER 00000nam a2200000 a 4500
001 UCI3654
003 CL-VaPUC
008 071123e19980000AG |||||||||||||||||spa|d
020 |a 9879191420 
082 0 4 |a 371.425  |b RAS  |2 21 
100 0 |a Rascovan, Sergio  |e author  |9 525097 
245 1 0 |a Orientacion vocacional. Aportes para la formación de orientadores 
250 |a 1a. ed 
300 |a 95 p 
942 |c BK 
945 |d 20071123 00:00:00  |a rbrito 
260 |a Buenos Aires  |b Novedades Educativas  |c 1998 
650 0 |a Orientación profesional   |9 308504 
650 7 |a ORIENTACION PEDAGOGICA  |2 CL-VaPUC  |9 334838 
650 7 |a ORIENTADORES  |2 CL-VaPUC  |9 407371 
650 7 |a PERSONAL DE ORIENTACION PEDAGOGICA  |2 CL-VaPUC  |9 335458 
583 |a last modification  |c 20071123 00:00:00  |k Rodrigo Vera 
490 0 |a Psicología y Educación 
999 |c 327786  |d 327784 
952 |0 0  |1 0  |4 0  |6 371_425000000000000_RAS_1998  |7 0  |8 A  |9 411216  |a BIBEDU  |b BIBEDU  |d 2019-11-22  |i 4391446  |o 371.425 RAS 1998  |p 4391446  |r 2019-11-22  |w 2019-11-22  |y BK  |k EBA